000 00938nam a2200277Ia 4500
003 OSt
005 20220925234257.0
006 a|||||r|||| 00| 0
007 ta
008 220923b |||||||| |||| 00| 0 eng d
020 _a9789351390626
_c637.5
037 _b10810(L), 19/03/2014, ARYAN BOOKS INTERNATIONAL
_cGeneral Book
040 _aRTL
_cRTL
_beng
041 _2eng
_aeng
082 _aX72:(Z), Q0;Q4/TD
100 _aAHUJA Girish
_9268974
245 0 _aBHARAT'S SYSTEMATIC approach to tax laws and practice
_b Containing income tax, wealth tax, service tax and VAT
250 _a9th
260 _a New Delhi
_bBharat Law House
_c2014
300 _a924p
_ccm.
500 _aBibliography: p 669-77
650 _aCommerce
700 _a GUPTA Ravi
942 _hX72:(Z), Q0;Q4/TD
_cGB
_2CC
999 _c595282
_d595282